000 00878nam a2200241 i 4500
001 59674
003 ES-MaACL
005 20250728062602.0
007 t|
008 031030s1982 sp ||||1| spa d
020 _a978-84-7433-674-0
080 _a620.9
245 0 0 _aEnergías renovables y medio ambiente /
_c[coordinador, Mario García Galludo].
260 _aMadrid :
_b[Centro de Estudios de Ordenación del Territorio y Medio Ambiente],
_c1982.
300 _a730 p. :
_bil. ;
_c30 cm.
490 1 _aMonografías ;
_v16
650 4 _aRecursos energéticos renovables.
_916698
700 1 _aGarcía Galludo, Mario.
_954648
710 2 _aCentro de Estudios de Ordenación del Territorio y Medio Ambiente (Madrid)
_92623
830 1 0 _aMonografías (Centro de Estudios Benaventanos "Ledo del Pozo")
_v16
_9177262
852 4 _aES-MaACL
_jL-5860
999 _c59674
_d59674